| 000 | 00482nam a2200169 i 4500 | ||
|---|---|---|---|
| 001 | 17438 | ||
| 003 | ES-MaACL | ||
| 005 | 20230906151602.0 | ||
| 007 | t| | ||
| 008 | 010306s1999 sp ||||1| spa d | ||
| 080 | _a821.134.2-14"19" | ||
| 100 | 1 |
_aVelasco Rivera, María. _9113773 |
|
| 245 | 1 | 0 |
_aFragmentos del alma _b: poemario / _cMaría Velasco Rivera. |
| 260 |
_aMadrid : _bM. Velasco Rivera, _c[1999] |
||
| 300 |
_a125 p. ; _c21 cm. |
||
| 852 |
_aES-MaACL _jL-24371 _bR.129588 |
||
| 999 |
_c17438 _d17438 |
||